1335 1934 1641 1689 1239 1233 1467 1359 1616 1312 1318 1940 1938 1718 1928 1110 1745 1466 1985 1680 1427 1298 1533 1730 1687 1700 1715 1981 1534 1358 1745 1725 1513 1876 1347 1720 1469 1668 1675 1151 1439 1367 1490 1807 1046 1485 1634 1282 1402 1643 1714 1523 1381 1185 1588 1417 1187 1181 1132 1701 1153 1972 1397 1933 1410 1548 1940 1307 1261 1377 1830 1877 1579 1695 1046 1891 1582 1986 1115 1778 1495 1650 1397 1756 1449 1508 1928 1296 1444 1218 1386 1690 1971 1947 1594 1611 1051 1524 1217 BCNSPRNW ULIB Ver.6.0+V

เปลี่ยนเป็นภาษาไทย

Change to English
 แสดงรายละเอียดบรรณานุกรม
  กลับหน้าหลัก

Brief Record : Get Marc (ISO 2709) : E-mail record : QR code < ปิดหน้าต่าง
LEADER : 00000nam 2200000uu 4500
001    13399124736
003     ULIB
008    160210s2558||||th 000 0 tha d
099    ^aวจ.WY156^bจ533ก
100 0  ^aจิราพร ศรีพิบูลย์บัติ
245 00 ^aการศึกษาลักษณะความเจ็บปวดของผู้ป่วยมะเร็ง โรงพยาบาลมะเร็งลพบุรี จังหวัดลพบุรี /^cจิราพร ศรีพิบูลย์บัติ และศรีสุดา งามขำ
260    ^aนครสวรรค์:^bวิทยาลัยพยาบาลบรมราชชนนี สวรรค์ประชารักษ์ นครสวรรค์,^c2558
650  0 ^aความเจ็บปวด^xวิจัย
650  0 ^aมะเร็ง^nความเจ็บปวด^xวิจัย
650  0 ^a^zโรงพยาบาลมะเร็งลพบุรี
700 0  ศรีสุดา งามขำ
945    ^p0^l0^i23269
945    ^p0^l0^i23276
999    ^aทศพร เกษรทอง
รายการนี้ยังไม่มีแท็ก
คุณยังไม่ได้ล็อกอิน คุณสามารถมีกิจกรรมร่วมกับเว็บไซต์ได้ แต่ต้องล็อกอินก่อน ::
  ล็อกอิน

รายการสื่อสารสนเทศ

ลำดับที่ ประเภท เลขเรียก/บาร์โค้ด สถานที่ สถานะ
1. งานวิจัย
งานวิจัย
วจ.WY156 จ533ก ฉ.1 
  Barcode: 23269
ห้องสมุดวิทยาเขตนครสวรรค์
►วิจัย:l:Research Room
บนชั้น
2. งานวิจัย
งานวิจัย
วจ.WY156 จ533ก ฉ.2 
  Barcode: 23276
ห้องสมุดวิทยาเขตนครสวรรค์
►วิจัย:l:Research Room
บนชั้น

รายการใกล้เคียง
    ผู้แต่ง [จิราพร ศรีพิบูลย์บัติ]

    หัวเรื่อง [โรงพยาบาลมะเร็งลพบุรี]

BibComment


ยังไม่เคยถูกคอมเมนท์

คอมเมนท์ทรัพยากรรายการนี้
  คอมเมนท์: การศึกษาลักษณะคว..


 Copyright 2026. Bcnsprnw @Library